000
00283nam a22001217a 4500
040
_c
0
082
_a
297.122
_b
H344 R
100
_a
Muhammad Younas Hasrat M.A.
_9
130459
245
_a
Rehnumahay Tasmeya
260
_a
Lahore
_b
Hamdard Kitab Kana
300
_a
368p.
942
_2
ddc
_c
BK
999
_c
614647
_d
614647